000 00629nam a2200193Ia 4500
003 GCL
008 140319s9999 xx 000 0 ara d
040 _aGCL /
_cGCL
082 0 4 _a796.41
_bع م
100 1 _aعبدالمنعم سليمان برهم
245 1 0 _aموسوعة الجمباز العصرية /
_cعبدالمنعم سليمان برهم
300 _a690 ص
490 _aالهيئة العامة للاستعلامات
_v0
650 0 4 _aالرياضة البدنية
650 0 4 _aالالعاب الرياضية
650 0 4 _aالجمباز
650 0 4 _aاللياقة البدنية
942 _2ddc
_cBK
999 _c48094
_d48094